000 00824nas a2200265 4500
001 BR2010005459
003 BR-BrBNA
005 20231205114340.0
007 ta
008 230509b bl.|||p| |||| 00| 00por d
040 _aBR-BrBNA
_bpor
_cBiblioteca Nacional de Agricultura
041 _a(Pt)
072 _aK50
100 1 _aChristino, E.M.
100 1 _aBonduelle, G.M.
100 1 _aIwakiri, S.
245 1 _aAplicação de cartas de controle no processo de fabricação de pisos sólidos de tauari (Couratari oblongifolia)
650 _aTAUARI
650 _aMADEIRA
650 _aINSTALAÇÃO AGRÍCOLA
650 _aCONTROLE DE QUALIDADE
773 0 _tCerne (Brazil)
_xISSN 0104-7760
_g(Jul-Sep 2010), v.16(3) p. 299-304
_wBR2010005459
909 _a202311
_bLúcia
_c55
_dLúcia Elande
942 _2AGRIS
_n0
_cANA
999 _c208349
_d208349